<?xml version="1.0" encoding="UTF-8"?>
<marc:record xmlns:marc="http://www.loc.gov/MARC21/slim">
   <marc:leader>00000nam a2200000 a 4500</marc:leader>
   <marc:datafield ind1="1" ind2=" " tag="100">
      <marc:subfield code="a">Bilek, Wenceslaus</marc:subfield>
   </marc:datafield>
   <marc:datafield ind1="1" ind2=" " tag="100">
      <marc:subfield code="a">Waldstein, Johann Friedrich von</marc:subfield>
   </marc:datafield>
   <marc:datafield ind1="1" ind2=" " tag="100">
      <marc:subfield code="a">Groos, Gerard de</marc:subfield>
   </marc:datafield>
   <marc:datafield ind1="1" ind2=" " tag="100">
      <marc:subfield code="a">Dittmann, Christian</marc:subfield>
   </marc:datafield>
   <marc:datafield ind1="0" ind2="0" tag="245">
      <marc:subfield code="a">Darin sein Leben, Wandel, Todt, und Wunderzeichen begriffen</marc:subfield>
   </marc:datafield>
   <marc:datafield ind1=" " ind2="1" tag="264">
      <marc:subfield code="c">1693</marc:subfield>
   </marc:datafield>
   <marc:datafield ind1=" " ind2=" " tag="250">
      <marc:subfield code="a">Von Neüen Ubersehen, Verbessert, und abermahl zum Druck gebracht</marc:subfield>
   </marc:datafield>
   <marc:datafield ind1="1" ind2=" " tag="520">
      <marc:subfield code="a">Vermerk am Titelbl. Loci Capucinorum Muravii; Frontispiz (Kupferstich) mit Szenen aus dem Leben des Hl. Franziskus http://zentralbibliothek.kapuziner.at/kupferstiche/provinzbibliothek/provinzbibliothek_2532.jpg von C. Dittman del. u. G. de Groes fec., Zierinitialen und Verzierungen im Text, Gelber Schweinsledereinband auf Buchdeckeln aus Holz, Bettelordenseinband mit dreifachen Streicheisenlinien, Rollenstempeln und Deckelvignetten (überkreuzte, stigmatisierte Arme, darüber Heiliger Geist in Form einer Taube und Schriftzug "FR[ATRU]M MINORVM CAPVCINORVM" auf vorderem Buchdeckel; Stigmatisierung des hl. Franz von Assisi mit Beischrift "Sanct Franciscvs" hinterer Buchdeckel), Buchrücken mit 4 doppelten Bünden, Titelschild "Cronica 3tiusOrd: || S. P. FRan: I." und Signatur "V", 2 Messingschließen mit Schließenbändern aus Leder, 1 Signakel aus Karton.</marc:subfield>
   </marc:datafield>
   <marc:datafield ind1=" " ind2=" " tag="041">
      <marc:subfield code="a">ger</marc:subfield>
   </marc:datafield>
   <marc:datafield ind1=" " ind2=" " tag="500">
      <marc:subfield code="a">Bibliogr. Nachweis: 	VD17 23:266644W</marc:subfield>
   </marc:datafield>
   <marc:datafield ind1="0" ind2=" " tag="490">
      <marc:subfield code="v">1.</marc:subfield>
   </marc:datafield>
   <marc:datafield ind1=" " ind2=" " tag="300">
      <marc:subfield code="a">[8] Bl., 474 S., [9] Bl. : Ill.</marc:subfield>
   </marc:datafield>
</marc:record>
